| 000 | 01565nam a22004097a 4500 | ||
|---|---|---|---|
| 001 | 4979656 | ||
| 003 | OSt | ||
| 005 | 20210421054048.0 | ||
| 008 | 980401s1998 nyub 000 1 eng | ||
| 010 | _a 98019902 | ||
| 020 | _a0385492510 | ||
| 040 |
_aeng _cDLC _dOCoLC _dDLC _beng |
||
| 041 | _aeng | ||
| 043 | _ae-gr--- | ||
| 050 | 0 | 0 |
_aPS3566.R3944 _bG38 1998 |
| 080 |
_a821.111 _bP-91 |
||
| 082 | 0 | 0 |
_a813/.54 _221 |
| 100 | 1 | _aPressfield, Steven. | |
| 245 | 1 | 0 |
_aGates of fire : _ban epic novel of the Battle of Thermopylae / _cSteven Pressfield. |
| 250 | _a1st ed. | ||
| 260 |
_aNew York : _bDoubleday, _cc1998. |
||
| 300 |
_a386 p. : _bmaps ; _c25 cm. |
||
| 365 | _b23.95 usd | ||
| 650 | 0 |
_aThermopylae, Battle of, Greece, 480 B.C. _vFiction. |
|
| 650 | 0 |
_aEnglish literature _9247 |
|
| 651 | 0 |
_aGreece _xHistory _yPersian Wars, 500-449 B.C. _vFiction. |
|
| 653 | _aინგლისური ლიტერატურა | ||
| 655 | 7 |
_aWar stories. _2gsafd |
|
| 655 | 7 |
_aHistorical fiction. _2gsafd |
|
| 856 | 4 | 2 |
_3Contributor biographical information _uhttp://www.loc.gov/catdir/bios/random058/98019902.html |
| 856 | 4 | 1 |
_3Sample text _uhttp://www.loc.gov/catdir/samples/random051/98019902.html |
| 856 | 4 | 2 |
_3Publisher description _uhttp://www.loc.gov/catdir/description/random0413/98019902.html |
| 906 |
_a7 _bcbc _corignew _d1 _eocip _f19 _gy-gencatlg |
||
| 942 |
_2udc _cBK _e1 |
||
| 999 |
_c597 _d597 |
||